Catalog

Record Details

Catalog Search



Available copies

  • 1 of 2 copies available at LARL/NWRL Consortium.

Current holds

0 current holds with 2 total copies.

Show Only Available Copies
Location Call Number / Copy Notes Barcode Shelving Location Status Due Date
Crookston Public Library SAN (Text) 33500013864400 Main Checked out 05/13/2026
Detroit Lakes Public Library SAN (Text) 33500013864418 Main Available -

Record details

  • ISBN: 9780593335062
  • ISBN: 0593335066
  • Physical Description: 384 pages ; 21 cm
  • Edition: First Edition.
  • Publisher: New York : Berkley, 2023.

Content descriptions

Summary, etc.:
"After a shocking phone call from her mother, ... Read More
Subject: Sisters > Fiction.
Fathers > Death > Fiction.
Family secrets > Fiction.
Genre: Novels.
LDR 03110cam a22004818i 4500
001419124
003LARL_NWRL_CONSORTIUM
00520230906175025.0
008221209s2023 nyu 000 1 eng
010 . ‡a 2022058276
040 . ‡aDLC ‡beng ‡erda ‡cDLC ‡dOCLCF ‡dLNC ‡dIDO
019 . ‡a1385405850
020 . ‡a9780593335062 ‡q(trade paperback)
020 . ‡a0593335066
020 . ‡z9780593335079 ‡q(ebook)
035 . ‡a(OCoLC)1348286933 ‡z(OCoLC)1385405850
042 . ‡apcc
08200. ‡a823/.92 ‡223/eng/20221209
1001 . ‡aSanghani, Radhika, ‡eauthor.
24510. ‡aI wish we weren't related / ‡cRadhika Sanghani.
2463 . ‡aI wish we were not related
250 . ‡aFirst Edition.
264 1. ‡aNew York : ‡bBerkley, ‡c2023.
300 . ‡a384 pages ; ‡c21 cm
336 . ‡atext ‡btxt ‡2rdacontent
337 . ‡aunmediated ‡bn ‡2rdamedia
338 . ‡avolume ‡bnc ‡2rdacarrier
520 . ‡a"After a shocking phone call from her mother, Reeva Mehta's life starts to sound like the plot of a Bollywood drama. From the outlandishly funny author of 30 Things I Love About Myself comes a hilarious, heartwarming novel about love, family, and new beginnings. Thirty-four-year-old Reeva thought her life couldn't possibly get more complicated, until her semi-famous Bollywood mother calls to tell her that she's been lying to her daughters for decades-the father they thought died thirty years ago has been alive this whole time. Only now he actually is dead. Worse? His dying wish was for Reeva and her sisters Sita and Jaya to attend his funeral prayers-which means spending a fortnight together at his house, surrounded by relatives they never knew existed. Reeva already has more than enough going on in her life. She's an overworked London lawyer, her hair is falling out due to stress-induced alopecia, she can't decide if her new boyfriend, Nick, is really as wonderful as he appears to be, and her brand-new cat is playing hard to get (even for a cat). And now she has to spend two weeks with the sisters she hasn't spoken to since Jaya stole her boyfriend and Sita took her side. But as Reeva slowly learns more about their father and his life-with the help of his sister, aka her new, wise Satya Auntie-she starts to uncover the complicated truth of their past...and realizes she needs Jaya and Sita more than she ever could have imagined"-- ‡cProvided by publisher.
650 0. ‡aSisters ‡vFiction. ‡0(LARL_NWRL_CONSORTIUM)167281
650 0. ‡aFathers ‡xDeath ‡vFiction. ‡0(LARL_NWRL_CONSORTIUM)165002
650 0. ‡aFamily secrets ‡vFiction. ‡0(LARL_NWRL_CONSORTIUM)164948
655 7. ‡aNovels. ‡2lcgft
77608. ‡iOnline version: ‡aSanghani, Radhika. ‡tI wish we weren't related ‡bFirst Edition. ‡dNew York : Berkley, 2023 ‡z9780593335079 ‡w(DLC) 2022058277
905 . ‡uvanderl
901 . ‡a419124 ‡b ‡c419124 ‡tbiblio ‡soclc

Additional Resources